[Event "Bastiais Master 5th"]
[Site "Bastia"]
[Date "2007.03.??"]
[Round "?"]
[White "Antoniotti, Marie Cecile"]
[Black "Bigonnet, Jean Michel"]
[Result "0-1"]
[WhiteElo "1610"]
[BlackElo "1660"]
[PlyCount "40"]
[EventDate "2007.03.??"]
[EventType "swiss"]
[EventRounds "9"]
[EventCountry "FRA"]
[SourceTitle "CBM 117 Extra"]
[Source "ChessBase"]
[SourceDate "2007.05.09"]
[SourceVersion "1"]
[SourceVersionDate "2007.05.09"]
[SourceQuality "1"]

1. e4 c5 2. Nf3 Nc6 3. c3 d6 4. d4 cxd4 5. cxd4 Nf6 6. Nbd2 e6 7. Qa4 a6 8. Bc4 Bd7 9. Qc2 Rc8 10. d5 exd5 11. Bxd5 Nxd5 12. exd5 Ne5 13. Qe4 Qe7 14. 0-0 Nxf3+ 15. Qxf3 Bb5 16. Qf4 Rc5 17. Rd1 g6 18. Qe4 Be2 19. Qxe7+ Bxe7 20. Re1 Bd3 0-1

[Event "Corsica-chT"]
[Site "Travo"]
[Date "2006.03.??"]
[Round "1.2"]
[White "Degoirat, Julien"]
[Black "Antoniotti, Marie Cecile"]
[Result "1-0"]
[WhiteElo "1890"]
[BlackElo "1600"]
[PlyCount "79"]
[EventDate "2006.04.09"]
[EventType "team"]
[EventRounds "3"]
[EventCountry "FRA"]
[SourceTitle "EXT 2007"]
[Source "ChessBase"]
[SourceDate "2006.11.23"]
[SourceVersion "1"]
[SourceVersionDate "2006.11.23"]
[SourceQuality "1"]

1. e4 e6 2. Nc3 d5 3. Nf3 c5 4. d4 cxd4 5. Nxd4 Bb4 6. exd5 exd5 7. Bd3 Nf6 8. Bg5 Nbd7 9. 0-0 0-0 10. Nce2 Ne5 11. c3 Bc5 12. Ng3 Bg4 13. Qd2 h6 14. Bf4 Bxd4 15. cxd4 Nxd3 16. Qxd3 Re8 17. Rfe1 Qd7 18. h3 Bh5 19. Re5 Bg6 20. Qf3 Rac8 21. Bxh6 gxh6 22. Qxf6 Rxe5 23. Qxe5 Qe6 24. Qxe6 fxe6 25. Re1 Kf7 26. Re2 Rc4 27. Rd2 Bb1 28. a3 Rc2 29. Rxc2 Bxc2 30. Kf1 b5 31. Ke1 a5 32. Kd2 Bb3 33. Ke3 Bc2 34. Kf4 Kf6 35. b4 axb4 36. axb4 Bg6 37. Ne2 Bh7 38. Ke3 e5 39. Nc3 exd4+ 40. Kxd4 1-0

[Event "FRA-ch U14 Girls"]
[Site "Aix les Bains"]
[Date "2006.??.??"]
[Round "2"]
[White "Antoniotti, Marie Cecile"]
[Black "Bismuth, Sarah"]
[Result "0-1"]
[WhiteElo "1590"]
[BlackElo "1960"]
[PlyCount "48"]
[EventDate "2006.04.16"]
[EventType "swiss"]
[EventRounds "9"]
[EventCountry "FRA"]
[SourceTitle "EXT 2007"]
[Source "ChessBase"]
[SourceDate "2006.11.23"]
[SourceVersion "1"]
[SourceVersionDate "2006.11.23"]
[SourceQuality "1"]

1. e4 e5 2. Nf3 Nc6 3. Bc4 Bc5 4. d3 h6 5. Nbd2 Nf6 6. 0-0 d6 7. h3 Ne7 8. Re1 Ng6 9. c3 Bb6 10. d4 0-0 11. Nb3 Qe7 12. Qe2 Nh5 13. Kh1 Nhf4 14. Bxf4 Nxf4 15. Qc2 Qf6 16. Bf1 Nxh3 17. gxh3 Qxf3+ 18. Bg2 Qf6 19. Rad1 Qh4 20. Re3 Kh8 21. Rg1 f5 22. Rf3 f4 23. Bf1 g5 24. Kg2 g4 0-1